Belarus Map Quiz - Statistics

General Stats
  • This quiz has been taken 149 times
  • The average score is 5 of 7
Answers on the Map
Answers color-coded by a green-red scale on the quiz's map according to % correct below.
 
Answer Stats
Answer % Correct
Minsk (City)
92%
Minsk (Region)
90%
Brest
80%
Gomel
64%
Mogilev
63%
Grodno
60%
Vitebsk
58%
No matching quizzes found
Score Distribution
Percent of People with Each Score
Percentile by Number Answered
Your Score History
You have not taken this quiz